000 00653nam a2200169 4500
001 132664
003 ES-MaACL
005 20230906194225.0
007 t|
008 070214s1965 sp r ||||1| spa d
100 1 _aRopars, J.
_999536
245 1 3 _aEl compás giroscópico
_b: teoría y descripción de los principales tipos de compás, estabilización de balance, autotimonel /
_cJ. Ropars ; con un apéndice sobre los más recientes modelos por José Company Bueno.
260 _aBarcelona :
_bGustavo Gili,
_c1965.
300 _a196 p. ;
_c21 cm +
_e2 lám. pleg.
700 1 _aCompany Bueno, José.
_940040
852 _aES-MaACL
_jG-775
_bR.58345
999 _c132664
_d132664